00872 2200229 4500001002100000005001700021008004100038035002400079041000800103043001500111082001200126090002200138100001500160245020300175260002900378300003900407500003300446500010500479650003100584850001200615999001500627YOGYA-0209000003968120090227025511.0 ind  0010-020900000039681 aInd aYOPDYOG(B) a331.118 aSK 331.118bMun F aMUNI, Joao aFaktor-faktor yang mempengaruhi produktivitas kerjab(suatu pendekatan teori fungsionalisme struktural, tentang pola hubungan kerja, tingkat pendidikan dan komunikasi interpersonal)coleh, Joao Muni aYogyakartab[s.n.]c1995 axii, 138, [19] lembarbilusc30 cm aBibliografi : lembar 136-138 aSkripsi : Jurusan sosiologi Fakultas Ilmu Sosial dan Ilmu Politik Universitas Gadjah Mada Yogyakarta aProduktivitas tenaga kerja aYOPDYOG a07A0028691